000 00333nam a2200121Ia 4500
008 190216s9999||||xx |||||||||||||| ||und||
100 _aSaxena V.K & Vashist C.D
245 0 _aAdvanced Cost And Management Accounting
260 _bPrentice Hall Of India Pvt Ltd
_c1997
300 _a1993p
650 _aCost Accounting
942 _cBK
999 _c5512
_d5512